000 01330nka a2200325 i 4500
001 102970
003 ES-MaACL
005 20250822063150.0
007 t|
008 051222q1871 sp f | |r||1c|spa d
100 1 _aLemus y Olmo, Eugenio de,
_d1843-post. 1911
_edrm
_eetr
_971506
245 1 0 _aMater Dolorosa
_h[Material gráfico] /
_cTiziano pintó ; Lemus dib y grabo
260 _a[S.l. :
_bs.n.,
_cca. 1871]
300 _a1 estampa :
_bgrabado calcográfico ;
_c299 x 222 mm
490 1 _aColección facticia de grabados ;
_v23
_9184692
500 _aInscripción: "Mater Dolorosa"
500 _aMedalla de tercera clase en la Exposición Nacional de Bellas Artes de 1871
530 _aDisponible en formato digital
600 0 4 _aVirgen María
_9115436
655 7 _aGrabados calcográficos
_2tgfbne
_9241761
655 7 _aGrabados
_2tgfbne
_9226846
655 4 _aReproducciones de obras de arte
_9241931
700 0 _aTiziano,
_dca. 1488-1576
_eart
_9110357
830 0 _aColección facticia de grabados ;
_v23
_9184692
852 4 _aES-MaACL
_cDEPO2
_jGF-2(23)
856 4 _uhttps://bibliotecavirtual.larioja.org/bvrioja/es/consulta/registro.do?id=2058
_yVersión en línea
_z(Biblioteca Virtual de La Rioja)
942 _2udc
_cDIBGRB
_n0
999 _c102970
_d102970